| 000 | 00574nam a2200181 a 4500 | ||
|---|---|---|---|
| 005 | 20231013063606.0 | ||
| 008 | 991125s1926 mx 000 0 spa u | ||
| 035 | _aUPN01000026093 | ||
| 049 | _aLT | ||
| 050 | 4 |
_aLB1583 M6 _bN4.3 |
|
| 100 | 1 |
_aNegrete, José Vicente _929739 |
|
| 245 | 1 | 0 |
_aGeografía ilustrada del Estado de Jalisco / _cJosé Vicente Negrete. |
| 260 |
_aMéxico : _bSELFA, _c1926. |
||
| 300 |
_a119 p. : _bil., mapas |
||
| 650 | 4 |
_aGeografía _xEstudio y enseñanza (Elemental) _92801 |
|
| 651 | 7 |
_aJalisco _xDescripción y viajes _2 _914973 |
|
| 905 | _aLibro | ||
| 999 |
_c26093 _d26093 |
||